[Event "4NCL/Div1/NWE1 vs. GUI1"]
[Site "Birmingham ENG"]
[Date "2006.01.15"]
[Round "6.4"]
[White "Gallagher, Joseph G"]
[Black "Hague, Ben"]
[Result "1-0"]
[WhiteElo "2531"]
[BlackElo "2300"]
[PlyCount "77"]
[EventDate "2006.01.15"]
[SourceDate "2005.10.25"]

1. e4 g6 2. d4 Bg7 3. Nc3 d6 4. Nf3 a6 5. a4 b6 6. Bc4 e6 7. O-O Ne7 8. Re1 O-O
9. Bb3 Nd7 10. Bf4 h6 11. h3 Bb7 12. Bh2 Nf6 13. Qe2 c5 14. dxc5 bxc5 15. e5
dxe5 16. Nxe5 Ned5 17. Ne4 Nxe4 18. Qxe4 Qe7 19. Rad1 Rfd8 20. Qe2 Qg5 21. Nxf7
Nf4 22. Nxg5 Nxe2+ 23. Kf1 hxg5 24. Kxe2 Bxg2 25. Bxe6+ Kh8 26. Rxd8+ Rxd8 27.
c3 Bc6 28. Bc4 Bxa4 29. Ra1 Bd7 30. Rxa6 Bxh3 31. Rxg6 Re8+ 32. Kd2 Bf5 33. Rc6
Rd8+ 34. Kc1 g4 35. Bf4 Bf8 36. Rf6 Bh7 37. Rxf8+ Rxf8 38. Be5+ Rf6 39. Bxf6#
1-0

[Event "4NCL/Div1/NWE1 vs. GUI1"]
[Site "Birmingham ENG"]
[Date "2006.01.15"]
[Round "6.5"]
[White "Spence, David"]
[Black "Cherniaev, Alexander"]
[Result "0-1"]
[WhiteElo "2221"]
[BlackElo "2472"]
[PlyCount "86"]
[EventDate "2006.01.15"]
[SourceDate "2005.10.25"]

1. e4 c5 2. c3 Nf6 3. e5 Nd5 4. d4 cxd4 5. Nf3 d6 6. cxd4 Nc6 7. Bc4 e6 8. O-O
Be7 9. Qe2 O-O 10. Qe4 Ndb4 11. Bb3 Na5 12. Bd1 dxe5 13. dxe5 Qd3 14. Qg4 Qc4
15. Qxc4 Nxc4 16. Be2 Nc2 17. Bxc4 Nxa1 18. Bd3 Rd8 19. Rd1 b6 20. Nc3 Bb7 21.
Ne1 Rac8 22. Bd2 Rxd3 23. Nxd3 Nc2 24. Rc1 Nd4 25. Ne1 Bb4 26. Kh1 Nf5 27. Nc2
Bc5 28. f3 Kf8 29. b4 Be7 30. a3 Ke8 31. Ne3 Nd4 32. Rd1 Bg5 33. Ne4 Bxe4 34.
fxe4 Nb3 35. Nc4 Nxd2 36. Nd6+ Kd7 37. Nxc8 Kxc8 38. h4 Be3 39. Re1 Nc4 40. Re2
b5 41. a4 a6 42. axb5 axb5 43. Ra2 Kb7 0-1

[Event "4NCL/Div1/NWE1 vs. GUI1"]
[Site "Birmingham ENG"]
[Date "2006.01.15"]
[Round "6.6"]
[White "Flear, Glenn C"]
[Black "Lund, D Brett"]
[Result "1-0"]
[WhiteElo "2470"]
[BlackElo "2247"]
[PlyCount "74"]
[EventDate "2006.01.15"]
[SourceDate "2005.10.25"]

1. d4 c5 2. d5 e6 3. c4 exd5 4. cxd5 d6 5. Nc3 g6 6. Bf4 Nf6 7. e4 Bg7 8. Qa4+
Bd7 9. Qb3 Qc7 10. Nf3 O-O 11. Be2 Nh5 12. Be3 Na6 13. Nd2 Rab8 14. a4 Nb4 15.
Nc4 f5 16. O-O f4 17. Bd2 Rbe8 18. Rfe1 Kh8 19. Nb5 Bxb5 20. axb5 Rxe4 21. Bxh5
Rxe1+ 22. Rxe1 gxh5 23. Bxb4 cxb4 24. Qxb4 f3 25. g3 Qc8 26. Re6 Bd4 27. b3 Kg8
28. h4 Qd7 29. Qd2 Qg7 30. Kh2 Bf6 31. Re4 Qd7 32. Qh6 Qxb5 33. Rf4 Bg7 34.
Qe6+ Kh8 35. Nxd6 Qc5 36. Rxf8+ Bxf8 37. Qf6+ Kg8 1-0

[Event "4NCL/Div1/NWE1 vs. GUI1"]
[Site "Birmingham ENG"]
[Date "2006.01.15"]
[Round "6.7"]
[White "Hughes, Howard R"]
[Black "Conquest, Stuart C"]
[Result "0-1"]
[WhiteElo "2214"]
[BlackElo "2522"]
[PlyCount "134"]
[EventDate "2006.01.15"]
[SourceDate "2005.10.25"]

1. e4 c5 2. d4 cxd4 3. c3 dxc3 4. Nxc3 e6 5. Nf3 Bc5 6. Bc4 Ne7 7. Bf4 Ng6 8.
Bd6 Bxd6 9. Qxd6 Qe7 10. Qd2 Nc6 11. O-O O-O 12. Nb5 a6 13. Nd6 b5 14. Be2 Qf6
15. Rfd1 h6 16. b4 Rb8 17. a4 bxa4 18. Rxa4 Nf4 19. Nxc8 Nxe2+ 20. Qxe2 Rfxc8
21. Qxa6 Rc7 22. Qc4 Qf4 23. Rc1 Rbc8 24. Qf1 Qxe4 25. Rc4 Qd5 26. Ra1 Qb5 27.
Rac1 Qb6 28. h3 Nxb4 29. Ne5 Rxc4 30. Rxc4 Rxc4 31. Qxc4 Nc6 32. Nxd7 Qc7 33.
Qd3 Nb4 34. Qb5 Nd5 35. Nc5 Qf4 36. g3 Qf3 37. Qb8+ Kh7 38. Qb1+ g6 39. Qb7 Qf6
40. Kg2 Kg7 41. Ne4 Qd4 42. Qb1 Nb4 43. Qe1 e5 44. Qe2 Nd3 45. Nd2 Qd5+ 46. Qe4
Qxe4+ 47. Nxe4 f5 48. Nc3 e4 49. Kf1 Kf6 50. Ke2 Nb4 51. f3 Ke5 52. f4+ Kd4 53.
Nb5+ Kc5 54. Nc7 Kd6 55. Nb5+ Kc6 56. Nc3 Nd5 57. Nb1 Kc5 58. Na3 Nc3+ 59. Kd2
Nd5 60. Nc2 Kc4 61. g4 Kc5 62. gxf5 gxf5 63. h4 h5 64. Kd1 Nxf4 65. Ne3 Kd4 66.
Nxf5+ Kd3 67. Ke1 Ng2+ 0-1

[Event "4NCL/Div1/NWE1 vs. GUI1"]
[Site "Birmingham ENG"]
[Date "2006.01.15"]
[Round "6.8"]
[White "Ciuksyte, Dagne"]
[Black "Morrison, Lynne"]
[Result "1-0"]
[WhiteElo "2370"]
[BlackElo "2003"]
[PlyCount "47"]
[EventDate "2006.01.15"]
[SourceDate "2005.10.25"]

1. e4 c5 2. Nf3 d6 3. d4 cxd4 4. Nxd4 Nf6 5. Nc3 e6 6. Be3 Be7 7. f4 a6 8. Qf3
Qc7 9. g4 Nc6 10. g5 Nd7 11. O-O-O b5 12. h4 Bb7 13. a3 Nb6 14. Qf2 Nc4 15.
Ndxb5 axb5 16. Nxb5 Qb8 17. Bxc4 Na5 18. Bd3 d5 19. Ba7 Qc8 20. Qb6 Nc4 21.
Bxc4 dxc4 22. Nc7+ Kf8 23. Nxa8 Bxa8 24. Rd4 1-0

[Event "4NCL/Div1/WGR1 vs. HKF1"]
[Site "Birmingham ENG"]
[Date "2006.01.15"]
[Round "6.1"]
[White "Shirov, Alexei"]
[Black "Williams, Simon K"]
[Result "1-0"]
[WhiteElo "2709"]
[BlackElo "2452"]
[PlyCount "65"]
[EventDate "2006.01.15"]
[SourceDate "2005.10.25"]

1. d4 e6 2. c4 f5 3. g3 Nf6 4. Bg2 Be7 5. Nf3 O-O 6. O-O d6 7. Nc3 Ne4 8. Qc2
Nxc3 9. bxc3 Nc6 10. e4 e5 11. dxe5 dxe5 12. Rb1 a6 13. Rd1 Qe8 14. Rd5 Be6 15.
Rxb7 Bxd5 16. cxd5 Na5 17. Rb1 Nc4 18. exf5 Bf6 19. Nd2 Nd6 20. c4 Qh5 21. c5
Qxf5 22. Qxf5 Nxf5 23. d6 cxd6 24. Bd5+ Kh8 25. Bxa8 Rxa8 26. g4 Nd4 27. cxd6
Bg5 28. Kf1 Rc8 29. d7 Rd8 30. Nc4 Bxc1 31. Rxc1 Kg8 32. Nxe5 Kf8 33. Rd1 1-0

[Event "4NCL/Div1/WGR1 vs. HKF1"]
[Site "Birmingham ENG"]
[Date "2006.01.15"]
[Round "6.2"]
[White "Wells, Peter K"]
[Black "McShane, Luke"]
[Result "1/2-1/2"]
[WhiteElo "2501"]
[BlackElo "2609"]
[PlyCount "37"]
[EventDate "2006.01.15"]
[SourceDate "2005.10.25"]

1. d4 Nf6 2. c4 g6 3. Nc3 Bg7 4. e4 d6 5. Nf3 O-O 6. Be2 e5 7. O-O Na6 8. Be3
Ng4 9. Bg5 Qe8 10. dxe5 dxe5 11. h3 h6 12. Bd2 Nf6 13. Be3 Qe7 14. Nd5 Qd8 15.
Nxf6+ Qxf6 16. c5 Nb4 17. Qa4 Nc6 18. Rad1 Be6 19. Rd2 1/2-1/2

[Event "4NCL/Div1/WGR1 vs. HKF1"]
[Site "Birmingham ENG"]
[Date "2006.01.15"]
[Round "6.3"]
[White "Emms, John M"]
[Black "Trent, Lawrence"]
[Result "1-0"]
[WhiteElo "2502"]
[BlackElo "2423"]
[PlyCount "74"]
[EventDate "2006.01.15"]
[SourceDate "2005.10.25"]

1. e4 e5 2. Nf3 Nc6 3. Bc4 Nf6 4. d3 Be7 5. O-O O-O 6. Bb3 d6 7. c3 Be6 8. Nbd2
d5 9. Qe2 Re8 10. Rd1 a5 11. Ba4 Bd6 12. Nf1 Bd7 13. Ng3 Nd4 14. cxd4 Bxa4 15.
b3 Bb5 16. dxe5 Nxe4 17. Nxe4 {(=)} dxe4 18. exd6 exf3 19. Qxf3 Qxd6 20. Bf4
Qd7 21. Qg3 Re6 22. Re1 Rg6 23. Qe3 h5 24. Bg3 a4 25. Qc5 h4 26. Bxh4 Bc6 27.
Bg3 Qxd3 28. Rad1 Re6 29. h3 Rxe1+ 30. Rxe1 Qd2 31. Re7 axb3 32. Qf5 Qd1+ 33.
Kh2 Bd5 34. axb3 c6 35. Be5 Qf1 36. f3 Kf8 37. Qg5 f6 1-0

[Event "4NCL/Div1/WGR1 vs. HKF1"]
[Site "Birmingham ENG"]
[Date "2006.01.15"]
[Round "6.5"]
[White "Gormally, Daniel W"]
[Black "Arkell, Keith C"]
[Result "1/2-1/2"]
[WhiteElo "2573"]
[BlackElo "2475"]
[PlyCount "33"]
[EventDate "2006.01.15"]
[SourceDate "2005.10.25"]

1. d4 Nf6 2. c4 e6 3. Nc3 Bb4 4. Qc2 c5 5. dxc5 Na6 6. a3 Qa5 7. Bd2 Nxc5 8.
O-O-O Bxc3 9. Bxc3 Qa4 10. Qxa4 Nxa4 11. Bd4 b6 12. f3 Ke7 13. e4 d6 14. b3 Nc5
15. Kb2 e5 16. Bf2 Be6 17. Ne2 1/2-1/2

[Event "4NCL/Div1/WGR1 vs. HKF1"]
[Site "Birmingham ENG"]
[Date "2006.01.15"]
[Round "6.7"]
[White "Ward, Christopher"]
[Black "Houska, Jovanka"]
[Result "1/2-1/2"]
[WhiteElo "2475"]
[BlackElo "2355"]
[PlyCount "58"]
[EventDate "2006.01.15"]
[SourceDate "2005.10.25"]

1. d4 d5 2. c4 c6 3. Nc3 Nf6 4. e3 e6 5. Nf3 Nbd7 6. Qc2 Be7 7. b3 b6 8. Bd3
Bb7 9. O-O Qc7 10. a4 Rc8 11. a5 O-O 12. e4 dxe4 13. Nxe4 c5 14. Re1 cxd4 15.
Nxd4 Nxe4 16. Bxe4 Bxe4 17. Qxe4 Nc5 18. Qf3 bxa5 19. Nb5 Qb6 20. Bd2 a4 21.
bxa4 a6 22. a5 Qd8 23. Red1 axb5 24. cxb5 Qd5 25. Qxd5 exd5 26. Bb4 Bf6 27.
Rab1 Rfd8 28. a6 Nxa6 29. bxa6 Ra8 1/2-1/2

[Event "4NCL/Div1/WGR1 vs. HKF1"]
[Site "Birmingham ENG"]
[Date "2006.01.15"]
[Round "6.8"]
[White "Broomfield, Matthew"]
[Black "Dembo, Yelena"]
[Result "0-1"]
[WhiteElo "2303"]
[BlackElo "2461"]
[PlyCount "116"]
[EventDate "2006.01.15"]
[SourceDate "2005.10.25"]

1. d4 Nf6 2. c4 g6 3. Nc3 Bg7 4. e4 d6 5. Nf3 O-O 6. Be2 e5 7. Be3 Ng4 8. Bg5
f6 9. Bh4 g5 10. Bg3 Nh6 11. h3 Nc6 12. d5 Ne7 13. Bh2 Nf7 14. g4 c6 15. Nd2
Ng6 16. Bg1 Nf4 17. Bf1 h5 18. f3 Bd7 19. Be3 Qc8 20. Rc1 Nh6 21. Rg1 Qe8 22.
b4 cxd5 23. Nxd5 Rc8 24. Nb3 Be6 25. b5 Bxd5 26. cxd5 Rxc1 27. Qxc1 Qd7 28. Qd2
a6 29. Bxf4 exf4 30. Nd4 axb5 31. Bxb5 Qc7 32. gxh5 Qc5 33. Ke2 Rc8 34. a4 Nf7
35. Rd1 Ne5 36. Nb3 Qa3 37. Rb1 f5 38. exf5 Nxf3 39. Kxf3 Rc3+ 40. Kf2 Rxb3 41.
Rxb3 Qxb3 42. Qd3 Qb2+ 43. Qe2 Qd4+ 44. Kf1 Be5 45. Qd3 Qa1+ 46. Kg2 Bd4 47.
Qf1 Qa2+ 48. Kf3 Qb3+ 49. Bd3 Kg7 50. Kg4 Bf6 51. Qb1 Qxd5 52. Be4 Qd4 53.
Qxb7+ Kh6 54. Bh1 Qd1+ 55. Qf3 Qe1 56. Qg2 Qh4+ 57. Kf3 Qxh5+ 58. Ke4 Qd1 0-1

[Event "4NCL/Div1/AD vs. SLOS1"]
[Site "Birmingham ENG"]
[Date "2006.01.15"]
[Round "6.1"]
[White "Mestel, A Jonathan"]
[Black "Le Roux, Jean Pierre"]
[Result "0-1"]
[WhiteElo "2491"]
[BlackElo "2497"]
[PlyCount "76"]
[EventDate "2006.01.15"]
[SourceDate "2005.10.25"]

1. c4 e6 2. Nf3 Nf6 3. g3 d5 4. b3 Be7 5. Bg2 O-O 6. O-O a5 7. Nc3 c6 8. Bb2
Nbd7 9. d3 Rb8 10. Rc1 Re8 11. Qc2 Bf8 12. Rfe1 dxc4 13. bxc4 e5 14. Red1 Qc7
15. e3 Nb6 16. h3 Bf5 17. Nh4 Be6 18. Rb1 Nbd7 19. Na4 Rec8 20. Rbc1 Qd8 21. c5
Nd5 22. a3 b5 23. cxb6 N5xb6 24. Nxb6 Qxb6 25. Rd2 Qxb2 26. Qxb2 Rxb2 27. Rxb2
Bxa3 28. Rbc2 Bxc1 29. Rxc1 a4 30. Rc3 Kf8 31. Nf3 c5 32. Ra3 c4 33. dxc4 Rxc4
34. Bf1 Rb4 35. g4 f6 36. Nd2 Ke7 37. Bd3 h5 38. gxh5 Bxh3 0-1

[Event "4NCL/Div1/AD vs. SLOS1"]
[Site "Birmingham ENG"]
[Date "2006.01.15"]
[Round "6.2"]
[White "Pert, Nicholas"]
[Black "Hennigan, Michael T"]
[Result "1-0"]
[WhiteElo "2500"]
[BlackElo "2400"]
[PlyCount "81"]
[EventDate "2006.01.15"]
[SourceDate "2005.10.25"]

1. d4 Nf6 2. Nf3 g6 3. c4 Bg7 4. g3 O-O 5. Bg2 d6 6. O-O Nc6 7. Nc3 e5 8. dxe5
dxe5 9. Bg5 Be6 10. Qa4 h6 11. Rad1 Qc8 12. Bxf6 Bxf6 13. Nd2 Bd7 14. Nde4 Bd8
15. Nc5 Be8 16. Qc2 Kh7 17. e3 f5 18. Qd2 e4 19. f3 Be7 20. Nd7 Rf7 21. fxe4
Bb4 22. exf5 Rxd7 23. fxg6+ Kg7 24. Qf2 Bxg6 25. Qf6+ Kh7 26. Nd5 Bd6 27. Bh3
Qd8 28. Bxd7 Qxd7 29. c5 Be5 30. Qxe5 Nxe5 31. Nf6+ Kg7 32. Nxd7 Ng4 33. Rf4
Nxe3 34. Re1 Nd5 35. Rff1 Bf7 36. Ne5 Bg8 37. a3 Re8 38. Nd3 Rd8 39. Nf4 Nxf4
40. Re7+ Kg6 41. Rxf4 1-0

[Event "4NCL/Div1/AD vs. SLOS1"]
[Site "Birmingham ENG"]
[Date "2006.01.15"]
[Round "6.3"]
[White "Richardson, John R"]
[Black "Czakon, Jakub"]
[Result "0-1"]
[WhiteElo "2356"]
[BlackElo "2486"]
[PlyCount "58"]
[EventDate "2006.01.15"]
[SourceDate "2005.10.25"]

1. d4 Nf6 2. c4 g6 3. g3 Bg7 4. Bg2 O-O 5. Nc3 d6 6. Nf3 Nc6 7. O-O a6 8. e4
Bg4 9. h3 Bxf3 10. Bxf3 Nd7 11. Be3 e5 12. d5 Nd4 13. Bg2 c5 14. f4 exf4 15.
gxf4 f5 16. Kh2 fxe4 17. Nxe4 Nf5 18. Bd2 h6 19. Qg4 Kh7 20. Rae1 b5 21. Bc3
Bxc3 22. Nxc3 Nf6 23. Qd1 bxc4 24. Rf2 Ra7 25. Qa4 Nh5 26. Re4 Nd4 27. Ne2 Qh4
28. Kg1 Nxe2+ 29. Rfxe2 Ng3 0-1

[Event "4NCL/Div1/AD vs. SLOS1"]
[Site "Birmingham ENG"]
[Date "2006.01.15"]
[Round "6.4"]
[White "Jones, Gawain C B"]
[Black "Snape, Ian"]
[Result "1-0"]
[WhiteElo "2418"]
[BlackElo "2271"]
[PlyCount "123"]
[EventDate "2006.01.15"]
[SourceDate "2005.10.25"]

1. e4 c5 2. Nc3 g6 3. d4 cxd4 4. Qxd4 Nf6 5. Nf3 Nc6 6. Qa4 d6 7. e5 dxe5 8.
Nxe5 Bd7 9. Nxd7 Qxd7 10. Be3 Bg7 11. Rd1 Qc8 12. Bb5 O-O 13. O-O a6 14. Bxc6
Qxc6 15. Qxc6 bxc6 16. Bc5 Rfe8 17. b3 Bf8 {(=)} 18. Rfe1 e6 19. Na4 Red8 20.
f3 Nd5 21. Bxf8 Kxf8 22. Rd4 Ke7 23. Nc5 Nc3 24. Rc4 Nb5 25. Nb7 Rd2 26. Rxc6
Kd7 27. Rxa6 Rxa6 28. Nc5+ Ke7 29. Nxa6 Rxc2 30. a4 Nd4 31. b4 Ne2+ 32. Kf1 Nf4
33. g3 Nd5 34. h4 Ra2 35. a5 Rb2 36. Re2 Rb1+ 37. Kf2 Nxb4 38. Nxb4 Rxb4 39.
Ra2 Rb7 40. Ke3 Kd6 41. a6 Ra7 42. g4 f6 43. g5 f5 44. Kd4 e5+ 45. Kc4 Kc6 46.
Ra3 Kb6 47. Kd5 e4 48. fxe4 fxe4 49. Kxe4 Re7+ 50. Kd5 Ka7 51. Ra4 Rd7+ 52. Ke6
Rc7 53. Kf6 Rc6+ 54. Kg7 Rc7+ 55. Kg8 Rd7 56. Rf4 Kxa6 57. Rf7 Rd4 58. Rxh7 Kb6
59. Kg7 Kc6 60. Kxg6 Kd6 61. h5 Ke6 62. Rf7 1-0

[Event "4NCL/Div1/AD vs. SLOS1"]
[Site "Birmingham ENG"]
[Date "2006.01.15"]
[Round "6.5"]
[White "Graham, David B"]
[Black "McNab, Colin A"]
[Result "1/2-1/2"]
[WhiteElo "2224"]
[BlackElo "2456"]
[PlyCount "82"]
[EventDate "2006.01.15"]
[SourceDate "2005.10.25"]

1. e4 c5 2. c3 Nf6 3. e5 Nd5 4. d4 cxd4 5. Nf3 e6 6. cxd4 d6 7. a3 Bd7 8. Bd3
Bc6 9. O-O Nd7 10. Re1 Be7 11. Bd2 Qc7 12. Nc3 Nxc3 13. Bxc3 dxe5 14. Nxe5 Nxe5
15. dxe5 Rd8 16. Qc2 g6 17. Re3 Bc5 18. Rg3 Bd4 19. Re1 Bxc3 20. Qxc3 Qd7 21.
Qc1 Bb5 22. Bxb5 Qxb5 23. h4 h5 24. b4 Rd4 25. Qc8+ Rd8 26. Qc2 Qd7 27. Qc5 b6
28. Qe3 Qd2 29. Qe4 Kf8 30. Rge3 Qd4 31. Rc1 Qxe4 32. Rxe4 Ke7 33. Rc7+ Rd7 34.
Rec4 Rhd8 35. Kf1 b5 36. R4c5 Rxc7 37. Rxc7+ Rd7 38. Rxd7+ Kxd7 39. Ke2 Kc6 40.
Kd3 Kd5 41. f4 a6 1/2-1/2

[Event "4NCL/Div1/AD vs. SLOS1"]
[Site "Birmingham ENG"]
[Date "2006.01.15"]
[Round "6.7"]
[White "Wheeler, Darren P"]
[Black "Martyn, Rafe"]
[Result "1-0"]
[WhiteElo "2239"]
[BlackElo "2323"]
[PlyCount "105"]
[EventDate "2006.01.15"]
[SourceDate "2005.10.25"]

1. e4 c6 2. d4 d5 3. exd5 cxd5 4. c4 Nf6 5. Nc3 Nc6 6. Nf3 Bg4 7. cxd5 Nxd5 8.
Bb5 Rc8 9. O-O e6 10. h3 Bh5 11. g4 Bg6 12. Bxc6+ bxc6 13. Ne5 Bd6 14. Nxd5
Bxe5 15. dxe5 cxd5 16. Be3 {(=)} Qa5 17. Qd4 a6 18. Bd2 Qb5 19. a4 Qc4 20. Qxc4
Rxc4 21. b4 Kd7 22. b5 axb5 23. axb5 Rb8 24. Ra7+ Rc7 25. b6 Rxa7 26. bxa7 Ra8
27. Be3 d4 28. Bxd4 Be4 29. Re1 Bd5 30. Rb1 Kc7 31. Bc5 Kc6 32. Be3 Kc7 33. Kh2
Be4 34. Rb6 Bc6 35. Bc5 Rd8 36. Rb8 Rc8 37. Kg3 Bd5 38. Rb4 Kd7 39. Bd4 Rc2 40.
Rb8 Ra2 41. Rf8 Ra3+ 42. Kh2 f5 43. exf6 gxf6 44. Rxf6 Rf3 45. Rh6 Rf7 46. Rh5
Bc6 47. Rb5 Rf4 48. Be3 Ra4 49. Rb8 Ke7 50. Rh8 Be4 51. Kg3 Kf7 52. f3 Kg7 53.
Bd4+ 1-0

[Event "4NCL/Div1/AD vs. SLOS1"]
[Site "Birmingham ENG"]
[Date "2006.01.15"]
[Round "6.8"]
[White "Ignacz, Maria"]
[Black "Bellin, Jana"]
[Result "1-0"]
[WhiteElo "2238"]
[BlackElo "2170"]
[PlyCount "95"]
[EventDate "2006.01.15"]
[SourceDate "2005.10.25"]

1. d4 Nf6 2. c4 e6 3. g3 c5 4. Nf3 cxd4 5. Nxd4 Qa5+ 6. Nc3 Ne4 7. Bd2 Nxc3 8.
Bxc3 Bb4 9. Nb5 O-O 10. Bg2 a6 11. a3 Bxc3+ 12. Nxc3 Nc6 13. O-O Qc7 14. Ne4
Rb8 15. b4 b6 16. Rc1 Nd8 17. Qd3 Nb7 18. Rfd1 Rd8 19. Ng5 g6 20. Qc3 d6 21.
Ne4 e5 22. Nf6+ Kg7 23. Nd5 Qc6 24. Qe3 Qe8 25. Nxb6 Be6 26. c5 dxc5 27. Rxd8
Qxd8 28. Qxe5+ Kg8 29. Bd5 Bh3 30. Rd1 Qf8 31. Bxb7 Rxb7 32. Nd5 cxb4 33. Nf6+
Kh8 34. Ne8+ f6 35. Nxf6 Re7 36. Qa1 bxa3 37. Nd5+ Rg7 38. Nf4 Bc8 39. Rd3 Kg8
40. Rxa3 Rc7 41. Rd3 Qc5 42. Rd8+ Kf7 43. Qh8 Qc1+ 44. Kg2 Bb7+ 45. f3 Bxf3+
46. Kxf3 Qh1+ 47. Kg4 h5+ 48. Kg5 1-0

[Event "4NCL/Div1/BAR2 vs. 3CS1"]
[Site "Birmingham ENG"]
[Date "2006.01.15"]
[Round "6.1"]
[White "Cox, John J"]
[Black "Davies, Nigel R"]
[Result "0-1"]
[WhiteElo "2423"]
[BlackElo "2521"]
[PlyCount "62"]
[EventDate "2006.01.15"]
[SourceDate "2005.10.25"]

1. d4 d6 2. c4 e5 3. d5 g6 4. Nc3 Nf6 5. e4 Nbd7 6. Nf3 Nc5 7. Qc2 a5 8. Be2
Bg7 9. Bg5 h6 10. Bh4 g5 11. Bg3 Nh5 12. h4 g4 13. Nh2 Nxg3 14. fxg3 h5 15. Nf1
Bh6 16. Nd1 Qf6 17. Nfe3 Bxe3 18. Nxe3 Qh6 19. Nd1 Qg6 20. Bd3 f5 21. exf5
Nxd3+ 22. Qxd3 Bxf5 23. Qe3 Bd3 24. Rc1 O-O 25. Rc3 Be4 26. Qe2 c6 27. dxc6
Bxc6 28. Rf1 Kg7 29. Rd3 Bxg2 30. Rxf8 Rxf8 31. c5 Bf1 0-1

[Event "4NCL/Div1/BAR2 vs. 3CS1"]
[Site "Birmingham ENG"]
[Date "2006.01.15"]
[Round "6.2"]
[White "Gordon, Stephen J"]
[Black "Rogers, Jonathan W"]
[Result "1/2-1/2"]
[WhiteElo "2414"]
[BlackElo "2340"]
[PlyCount "48"]
[EventDate "2006.01.15"]
[SourceDate "2005.10.25"]

1. Nf3 Nf6 2. d4 e6 3. c4 Bb4+ 4. Nbd2 O-O 5. a3 Bxd2+ 6. Qxd2 b6 7. e3 Ne4 8.
Qd3 f5 9. Be2 Bb7 10. O-O d6 11. b4 Nd7 12. Bb2 Rf6 13. d5 Rg6 14. dxe6 Nf8 15.
Ne1 Qh4 16. f3 Ng5 17. Qxf5 Nfxe6 18. g3 Qh5 19. Qc2 Rf8 20. e4 Nf4 21. Bd1
Ngh3+ 22. Kh1 Rxg3 23. hxg3 Nf2+ 24. Kg1 N2h3+ 1/2-1/2

[Event "4NCL/Div1/BAR2 vs. 3CS1"]
[Site "Birmingham ENG"]
[Date "2006.01.15"]
[Round "6.3"]
[White "Berry, Neil"]
[Black "Ashton, Adam G"]
[Result "1-0"]
[WhiteElo "2289"]
[BlackElo "2321"]
[PlyCount "65"]
[EventDate "2006.01.15"]
[SourceDate "2005.10.25"]

1. d4 d5 2. Nf3 Nf6 3. c4 e6 4. Nc3 c6 5. Bg5 h6 6. Bh4 dxc4 7. e4 g5 8. Bg3 b5
9. Be2 Nbd7 10. d5 Nc5 11. dxc6 Qxd1+ 12. Rxd1 a6 13. Be5 Be7 14. h4 g4 15. Nd2
Rg8 16. b4 cxb3 17. axb3 b4 18. Na4 Nxa4 19. bxa4 Nh5 20. Nc4 Bc5 21. a5 f6 22.
Bc7 Kf7 23. e5 fxe5 24. Nxe5+ Ke7 25. Bb6 Bd6 26. Nc4 Bb8 27. Bc5+ Kf6 28. Nb6
Ra7 29. Nd7+ Bxd7 30. cxd7 Rc7 31. d8=Q+ Rxd8 32. Rxd8 Rxc5 33. Rxb8 1-0

[Event "4NCL/Div1/BAR2 vs. 3CS1"]
[Site "Birmingham ENG"]
[Date "2006.01.15"]
[Round "6.4"]
[White "James, Dale R"]
[Black "Taylor, Martin R"]
[Result "0-1"]
[WhiteElo "2199"]
[BlackElo "2299"]
[PlyCount "94"]
[EventDate "2006.01.15"]
[SourceDate "2005.10.25"]

1. e4 e5 2. Nf3 Nc6 3. Bb5 a6 4. Ba4 Nf6 5. O-O b5 6. Bb3 Be7 7. d4 d6 8. h3
Nxd4 9. Nxd4 exd4 10. c3 dxc3 11. Nxc3 O-O 12. Bc2 Bb7 13. f4 Re8 14. a3 d5 15.
e5 Bc5+ 16. Kh2 Ne4 17. Qf3 f6 18. Nxe4 dxe4 19. Bb3+ Kh8 20. Qh5 g6 21. Qg4 f5
22. Qg3 Qd3 23. Rd1 Qxg3+ 24. Kxg3 Rad8 25. Bc2 Rxd1 26. Bxd1 Rd8 27. Be2 Bd4
28. a4 b4 29. a5 Kg7 30. Bc4 c5 31. h4 Kf8 32. Be2 Ke7 33. Bc4 Kf8 34. Be2 Ke7
35. Kh2 Bc8 36. g3 Rd7 37. Rb1 Rc7 38. Bc4 Be6 39. b3 Bxc4 40. bxc4 Rb7 41. Rb3
Kd7 42. Kg2 Kc6 43. Kf1 Rd7 44. Ke2 Bc3 45. Be3 Rd3 46. Bf2 Bd4 47. Bxd4 Rxb3
0-1

[Event "4NCL/Div1/BAR2 vs. 3CS1"]
[Site "Birmingham ENG"]
[Date "2006.01.15"]
[Round "6.5"]
[White "Hodgson, John H"]
[Black "Walton, Alan J"]
[Result "1/2-1/2"]
[WhiteElo "2217"]
[BlackElo "2197"]
[PlyCount "38"]
[EventDate "2006.01.15"]
[SourceDate "2005.10.25"]

1. e4 e6 2. d4 d5 3. Nd2 Nf6 4. e5 Nfd7 5. c3 c5 6. Bd3 Nc6 7. Ne2 cxd4 8. cxd4
Qb6 9. Nf3 f6 10. exf6 Nxf6 11. O-O Bd6 12. Nc3 O-O 13. Be3 Bd7 14. a3 Rae8 15.
Rc1 Qd8 16. Bg5 Qb8 17. Bh4 h6 18. Bg3 Bxg3 19. hxg3 Qd6 1/2-1/2

[Event "4NCL/Div1/BAR2 vs. 3CS1"]
[Site "Birmingham ENG"]
[Date "2006.01.15"]
[Round "6.6"]
[White "Longson, Alexander"]
[Black "Taylor, Peter"]
[Result "1/2-1/2"]
[WhiteElo "2264"]
[BlackElo "2240"]
[PlyCount "33"]
[EventDate "2006.01.15"]
[SourceDate "2005.10.25"]

1. e4 c6 2. d4 d5 3. exd5 cxd5 4. Bd3 Nc6 5. c3 Nf6 6. Bf4 Bg4 7. Qb3 Qc8 8.
Nd2 e6 9. Ngf3 Be7 10. O-O Bh5 11. Rfe1 O-O 12. Ne5 Nxe5 13. Bxe5 Bg6 14. Bxg6
hxg6 15. Bxf6 Bxf6 16. Nf3 Qc6 17. Ne5 1/2-1/2

[Event "4NCL/Div1/BAR2 vs. 3CS1"]
[Site "Birmingham ENG"]
[Date "2006.01.15"]
[Round "6.7"]
[White "Coleman, David"]
[Black "Hamelink, Desiree"]
[Result "1-0"]
[WhiteElo "2245"]
[BlackElo "2181"]
[PlyCount "155"]
[EventDate "2006.01.15"]
[SourceDate "2005.10.25"]

1. e4 c5 2. Nf3 d6 3. d4 cxd4 4. Nxd4 Nf6 5. Nc3 a6 6. Be2 e5 7. Nb3 Be7 8. O-O
Be6 9. Be3 Nbd7 10. a4 Qc7 11. a5 Rc8 12. f3 O-O 13. Rf2 Rfd8 14. Bf1 Nc5 15.
Rd2 Qc6 16. Nd5 Bxd5 17. exd5 Qc7 18. Nc1 Ncd7 19. c4 Ne8 20. Ra3 f5 21. Na2
Nef6 22. Nc3 Re8 23. h3 g6 24. b4 Bf8 25. Qb1 e4 26. f4 Bh6 27. Qe1 Nh5 28. g3
Qd8 29. Kh2 g5 30. Rg2 Ng7 31. Qd2 gxf4 32. gxf4 Nf8 33. Ne2 Ng6 34. Nd4 Qf6
35. Qf2 Nh5 36. Be2 Ng7 37. Rb3 Re7 38. Nc2 Qf7 39. Rb1 Ne8 40. Rbg1 Ng7 41. h4
Qf6 42. Kh3 Qc3 43. Rxg6 hxg6 44. Nd4 Kh7 45. Qg3 Kh8 46. Kh2 Rxc4 47. Bxc4
Qxc4 48. Rc1 Qxd5 49. Qxg6 Bxf4+ 50. Bxf4 Qxd4 51. Rc8+ Re8 52. Rxe8+ Nxe8 53.
Qxe8+ Kg7 54. Qe7+ Kg8 55. Qg5+ Kh8 56. Qg3 Qb2+ 57. Kh3 Qe2 58. Bxd6 Qf1+ 59.
Kh2 Qe2+ 60. Qg2 Qb5 61. Bf4 Kh7 62. h5 Qe8 63. Qg5 Qf7 64. Qh6+ Kg8 65. Bd6 e3
66. Qg5+ Kh7 67. Qxe3 Qxh5+ 68. Qh3 Qxh3+ 69. Kxh3 Kg6 70. Kg3 Kf7 71. Kf4 Ke6
72. Be5 Kd5 73. Kxf5 Kc6 74. Bd4 Kd5 75. Bc5 Kc6 76. Ke6 Kc7 77. Kd5 Kd7 78.
Bd6 1-0

[Event "4NCL/Div1/BAR2 vs. 3CS1"]
[Site "Birmingham ENG"]
[Date "2006.01.15"]
[Round "6.8"]
[White "Jaunooby, Ali Reza"]
[Black "Bhatia, Kanwal K"]
[Result "1/2-1/2"]
[WhiteElo "2160"]
[BlackElo "2091"]
[PlyCount "83"]
[EventDate "2006.01.15"]
[SourceDate "2005.10.25"]

1. d4 Nf6 2. c4 c5 3. d5 b5 4. a4 b4 5. g3 d6 6. Bg2 g6 7. b3 Bg7 8. Bb2 O-O 9.
e4 Bb7 10. Qc2 Qc7 11. Ne2 Nbd7 12. h3 e5 13. g4 Nb6 14. g5 Ne8 15. h4 Qe7 16.
Ng3 a5 17. Nd2 Bc8 18. O-O-O f6 19. Nf3 Bg4 20. Rd3 Bxf3 21. gxf6 Bxf6 22. Bxf3
Bxh4 23. Kb1 Bg5 24. Bc1 Ng7 25. Bg4 Bxc1 26. Qxc1 Rf4 27. f3 h5 28. Ne2 hxg4
29. Nxf4 exf4 30. Qxf4 Nd7 31. Qh6 Ne5 32. fxg4 Nxd3 33. Qh8+ Kf7 34. Rf1+ Nf5
35. Qh7+ Ke8 36. Qg8+ Kd7 37. Qxa8 Qxe4 38. Qb7+ Kd8 39. Qb8+ Kd7 40. Qb7+ Kd8
41. Qb8+ Kd7 42. Qb7+ 1/2-1/2

[Event "4NCL/Div1/BAR1 vs. WGR2"]
[Site "Birmingham ENG"]
[Date "2006.01.15"]
[Round "6.1"]
[White "Kelly, Brian"]
[Black "Pert, Richard G"]
[Result "1/2-1/2"]
[WhiteElo "2492"]
[BlackElo "2429"]
[PlyCount "55"]
[EventDate "2006.01.15"]
[SourceDate "2005.10.25"]

1. c4 Nf6 2. Nf3 e6 3. Nc3 d5 4. d4 dxc4 5. e3 a6 6. Bxc4 b5 7. Bb3 Bb7 8. O-O
c5 9. Qe2 Nbd7 10. Rd1 Qb8 11. d5 exd5 12. Nxd5 Nxd5 13. Bxd5 Bxd5 14. Rxd5 Qb7
15. e4 Be7 16. Bg5 f6 17. Bf4 O-O 18. Nh4 Nb6 19. Rd3 Rfe8 20. Nf5 Bf8 21. f3
c4 22. Rd2 Nd5 23. Bd6 Bxd6 24. Nxd6 Qb6+ 25. Qf2 Qxd6 26. Rxd5 Qc7 27. Rad1
Rad8 28. Qd4 1/2-1/2